Countries I Have Been To (Hard Version) - Statistics

General Stats
  • This quiz has been taken 4 times
  • The average score is 20 of 32
Answer Stats
Date Country % Correct
Aug 11, 2005 - (Aug 5, 2017) China
100%
Mar 24, 2024 - Apr 12, 2024 China
100%
May 30, 2024 - Sep 8, 2024 China
100%
(Aug 5, 2017) - (Aug 10, 2017) Japan
100%
(Aug 10, 2017) - (Sep 27, 2018) China
75%
Oct 11, 2018 - (Jan 25, 2019) China
75%
(Jan 31, 2019) - (Apr 5, 2019) China
75%
(Apr 11, 2019) - (Aug 7, 2019) China
75%
(Oct 12, 2019) - (Oct 28, 2019) China
75%
Dec 20, 2019 - Jan 12, 2020 China
75%
Dec 24, 2020 - Sep 13, 2023 China
75%
Dec 16, 2023 - Jan 5, 2024 China
75%
Dec 15, 2024 - Jan 11, 2025 China
75%
(Apr 3, 2025) - (Apr 25, 2025) China
75%
May 8, 2025 - Sep 19, 2025 China
75%
Dec 18, 2025 - Jan 17, 2026 China
75%
Mar 21, 2026 - Apr 11, 2026 China
75%
(Sep 27, 2018) - Oct 11, 2018 United States
75%
Sep 13, 2023 - Dec 16, 2023 United Kingdom
50%
Jan 5, 2024 - Mar 24, 2024 United Kingdom
50%
Apr 12, 2024 - May 30, 2024 United Kingdom
50%
Sep 8, 2024 - Dec 15, 2024 United Kingdom
50%
Jan 11, 2025 - (Apr 3, 2025) United Kingdom
50%
(Apr 25, 2025) - May 8, 2025 United Kingdom
50%
Sep 19, 2025 - Dec 18, 2025 United Kingdom
50%
Jan 17, 2026 - Mar 21, 2026 United Kingdom
50%
Apr 11, 2026 - May 21, 2026 United Kingdom
50%
(Jan 25, 2019) - (Jan 31, 2019) Singapore
25%
(Apr 5, 2019) - (Apr 11, 2019) Singapore
25%
(Aug 7, 2019) - (Oct 12, 2019) Singapore
25%
(Oct 28, 2019) - Dec 20, 2019 Singapore
25%
Jan 12, 2020 - Dec 24, 2020 Singapore
25%
No matching quizzes found
Score Distribution
Percent of People with Each Score
Percentile by Number Answered
Your Score History
You have not taken this quiz